Pessoal de Lamego - Statistics

Estatísticas Gerais
  • Esse quiz foi jogado 5 vezes
  • A pontuação média é 4 de 11
Estatísticas das Respostas
Hint Resposta % Correto
gay jojo
60%
gay milik
60%
gay txopz
60%
gay cursedragon
40%
gay machonix
40%
bintecinco
20%
seguranca dijei fura
20%
jorge cigano
20%
scooby
20%
gay txutxas
20%
gay zedamerda
20%
Nenhum quiz correspondente encontrado
Distribuição das Pontuações
Porcentagem de Pessoas com Cada Pontuação
Percentil de Números Respondidos
Sua Pontuação Histórica
Você não jogou esse quiz